Une lettre suffit pour répondre juste #65 (attention 10 lettres tuent) - Statistiques

Statistiques générales
  • Ce quiz a été pris 90 fois
  • Le résultat moyen est 3 sur 6
Statistiques - réponses
Hint Réponse % Correct
Donne une des 5 lettres du nom du plus long fleuve d'Europe qui prend sa source dans les collines de Valdaï avant de se jeter dans la mer Caspienne VOLGA
100%
Donne une des 4 lettres qui complète le début des paroles de la chanson La Bombe humaine de Téléphone : Je veux vous parler de l'arme de demain Enfantée du monde, elle en sera la fin Je veux vous parler De moi, de vous Je vois à l'intérieur des images, des couleurs Qui ne sont pas à moi, qui parfois me font _ _ _ _ PEUR
95%
Donne une des 3 lettres qui compose le nom de ce sport : _ _ _ Freestyle
BMX
74%
Donne une des 2 lettres qu'on dit à haute voix pour désigner celui qui vient après l'aîné KD (Cadet)
42%
Donne la lettre qui est la plus présente dans le titre en VF de ce film américain de 2013 qui compte côté français Mélanie Laurent et José Garcia au casting :
S (inSaiSiSSableS)
15%
Donne la lettre qui est la plus présente dans le nom de cette série TV d'horreur de 2018 :
H (tHe Hauting of Hill House)
5%
Aucun quiz correspondant
Distribution des résultats
% des personnes avec chaque résultat
Percentile par nombre de réponses
Votre historique - résultats
Vous n’avez pas pris ce quiz